The Chartist Movement / (Record no. 41708)
[ view plain ]
| 000 -LEADER | |
|---|---|
| fixed length control field | 00772nam a2200241 a 4500 |
| 001 - CONTROL NUMBER | |
| control field | 41708 |
| 003 - CONTROL NUMBER IDENTIFIER | |
| rucl marc code | BD-RjUL |
| 005 - DATE AND TIME OF LATEST TRANSACTION | |
| control field | 20211209053434.0 |
| 008 - FIXED-LENGTH DATA ELEMENTS--GENERAL INFORMATION | |
| fixed length control field | 880808s1966 enk b 001 0 eng |
| 035 ## - SYSTEM CONTROL NUMBER | |
| System control number | (BD-RjUL)41826 |
| 040 ## - CATALOGING SOURCE | |
| Original cataloging agency | DLC |
| Transcribing agency | RBN |
| Modifying agency | SER |
| -- | BD-RjUL |
| Language of cataloging | eng |
| 041 ## - LANGUAGE CODE | |
| Language code of text/sound track or separate title | eng |
| 082 ## - DEWEY DECIMAL CLASSIFICATION NUMBER | |
| Classification number | 322.20942 |
| Author mark and year | HOC 1966 |
| 100 1# - MAIN ENTRY--PERSONAL NAME | |
| Personal name | Hovell, Mark, |
| Dates associated with a name | 1888-1916. |
| 9 (RLIN) | 128120 |
| 245 14 - TITLE STATEMENT | |
| Title | The Chartist Movement / |
| Statement of responsibility, etc. | by Mark Hovell ; Edited and completed with a memoir by T.F. Tout |
| 250 ## - EDITION STATEMENT | |
| Edition statement | 3rd ed. |
| 260 ## - PUBLICATION, DISTRIBUTION, ETC. (IMPRINT) | |
| Place of publication, distribution, etc. | Manchester : |
| Name of publisher, distributor, etc. | Manchester University Press, |
| Date of publication, distribution, etc. | 1966 |
| 300 ## - PHYSICAL DESCRIPTION | |
| Pagination | [1], xxxvii, 327 p. ; |
| Size | 20 cm |
| 504 ## - BIBLIOGRAPHY, ETC. NOTE | |
| Bibliography, etc | Includes Bibliography and Index |
| 650 #0 - SUBJECT ADDED ENTRY--TOPICAL TERM | |
| Topical term or geographic name as entry element | Chartism |
| 9 (RLIN) | 128121 |
| 700 1# - ADDED ENTRY--PERSONAL NAME | |
| Personal name | Tout, T. F. |
| Fuller form of name | (Thomas Frederick), |
| Dates associated with a name | 1855-1929. |
| 942 ## - ADDED ENTRY ELEMENTS (KOHA) | |
| Source of classification or shelving scheme | Dewey Decimal Classification |
| Koha item type | Books |
| Lost status | Source of classification or shelving scheme | Damaged status | Not for loan | Collection code | Permanent Location | Current Location | Shelving location | Date acquired | Source of acquisition | Total Checkouts | Full call number | Date last seen | Copy number | Koha item type |
|---|---|---|---|---|---|---|---|---|---|---|---|---|---|---|
| Dewey Decimal Classification | Not For Loan | Non-fiction | Central Library, University of Rajshahi | Central Library, University of Rajshahi | Reading Room | 18/03/1974 | Britain Gift | 322.20942 HOC 1966 | 05/06/2016 | C-1 | Books | |||
| Dewey Decimal Classification | Non-fiction | Central Library, University of Rajshahi | Central Library, University of Rajshahi | 18/03/1974 | Britain Gift | 322.20942 HOC 1966 | 05/06/2016 | C-2 | Books | |||||
| Dewey Decimal Classification | Non-fiction | Central Library, University of Rajshahi | Central Library, University of Rajshahi | 18/03/1974 | Britain Gift | 322.20942 HOC 1966 | 05/06/2016 | C-3 | Books | |||||
| Dewey Decimal Classification | Non-fiction | Central Library, University of Rajshahi | Central Library, University of Rajshahi | 18/03/1974 | Britain Gift | 322.20942 HOC 1966 | 05/06/2016 | C-4 | Books | |||||
| Dewey Decimal Classification | Non-fiction | Central Library, University of Rajshahi | Central Library, University of Rajshahi | 18/03/1974 | Britain Gift | 322.20942 HOC 1966 | 05/06/2016 | C-5 | Books | |||||
| Dewey Decimal Classification | Non-fiction | Central Library, University of Rajshahi | Central Library, University of Rajshahi | 18/03/1974 | Britain Gift | 322.20942 HOC 1966 | 05/06/2016 | C-6 | Books | |||||
| Dewey Decimal Classification | Non-fiction | Central Library, University of Rajshahi | Central Library, University of Rajshahi | 18/03/1974 | Britain Gift | 322.20942 HOC 1966 | 05/06/2016 | C-7 | Books | |||||
| Dewey Decimal Classification | Non-fiction | Central Library, University of Rajshahi | Central Library, University of Rajshahi | 18/03/1974 | Britain Gift | 322.20942 HOC 1966 | 05/06/2016 | C-8 | Books | |||||
| Dewey Decimal Classification | Non-fiction | Central Library, University of Rajshahi | Central Library, University of Rajshahi | 18/03/1974 | Britain Gift | 322.20942 HOC 1966 | 05/06/2016 | C-9 | Books | |||||
| Dewey Decimal Classification | Non-fiction | Central Library, University of Rajshahi | Central Library, University of Rajshahi | 18/03/1974 | Britain Gift | 322.20942 HOC 1966 | 05/06/2016 | C-10 | Books |